000 00784nab a2200241 u 4500
001 16051
003 HDC
007 cr bn ---aaaaa
008 210220c20100320xx dr|noo 0 a eng d
040 _aHDC
245 0 _aHalal Focus on the Halal Season in Asia
260 _a[No place] :
_b[publisher not identified],
_c2009
336 _atext
_2rdacontent
337 _acomputer
_2rdamedia
338 _aonline resource
_2rdacarrier
650 _aHalal Products Exhibition
_916007
650 _aHalal showcase
_96439
710 _aHalal Focus
856 _zRequest full-text at [email protected]
942 _2lcc
942 _cNEWS
942 _kNWSO 005629
999 _c13367
_d13367